Mathematics for economists (Registro nro. 583)
[ vista simple ]
| 000 -LEADER | |
|---|---|
| fixed length control field | 01791 a2200229 4500 |
| 001 - CONTROL NUMBER | |
| control field | 14580 |
| 005 - DATE AND TIME OF LATEST TRANSACTION | |
| control field | 20260407155447.0 |
| 008 - FIXED-LENGTH DATA ELEMENTS--GENERAL INFORMATION | |
| fixed length control field | 260407a1994 arg spa d |
| 003 - CONTROL NUMBER IDENTIFIER | |
| control field | AR-UNSa-BCEJYS |
| 040 ## - CATALOGING SOURCE | |
| Original cataloging agency | AR-UNSa-BCEJYS |
| Language of cataloging | spa |
| Transcribing agency | AR-UNSa-BCEJYS |
| 080 ## - UNIVERSAL DECIMAL CLASSIFICATION NUMBER | |
| Universal Decimal Classification number | 517 |
| Common auxiliary subdivision | Análisis Matemático |
| 020 ## - INTERNATIONAL STANDARD BOOK NUMBER | |
| International Standard Book Number | 978-0-393-95733-4 |
| 100 1# - MAIN ENTRY--PERSONAL NAME | |
| Personal name | Simon, Carl P. |
| 245 10 - TITLE STATEMENT | |
| Title | Mathematics for economists |
| 264 #1 - PRODUCTION, PUBLICATION, DISTRIBUTION, MANUFACTURE, AND COPYRIGHT NOTICE | |
| Place of production, publication, distribution, manufacture | New York : |
| Name of producer, publisher, distributor, manufacturer | W.W. Norton & Company |
| Date of production, publication, distribution, manufacture, or copyright notice | 1994 |
| 300 ## - PHYSICAL DESCRIPTION | |
| Extent | xxiv, 930 p. |
| Dimensions | 24 cm. |
| 505 ## - FORMATTED CONTENTS NOTE | |
| Formatted contents note | 1. Introduction - 2. One-variable calculus: foundations - 3. One-variable calculus: applications - 4. One-variable calculus: Chain Rule - 5. Exponents and logarithms - 6. Introduction to linear algegra - 7. Systems of linear equations - 8. Matrix algebra - 9. Determinants: an overview - 10. Euclidean spaces - 11. Linear independence - 12. Limits and open sets - 13. Functions of several variables - 14. Calculus of several variables - 15. Implicit functions and their derivatives - 16. Quadratic forms and definite matrices - 17. Unconstrained optimization - 18. Constraines optimization I: firts order conditions - 19. Constrained optimization II - 20. Homogeneous and homothetic functions - 21. Concave and Quasiconcave functions - 22. Economic applications - 23. Eigenvalues and Eigenvectors - 24. Ordinary differential equations: scalar equations - 25. Ordinary differential equations: systems of equations - 26. Determinants: The details - 27. Subspaces attached to a matrix - 28. Applications of linear independence - 29. Limits and compact sets - 30. Calculus of several variables II |
| 590 ## - LOCAL NOTE (RLIN) | |
| Local note | niveau_biblio:m niveau_hierar:0 |
| 700 1# - ADDED ENTRY--PERSONAL NAME | |
| Personal name | Blume, Lawrence |
| 856 41 - ELECTRONIC LOCATION AND ACCESS | |
| Uniform Resource Identifier | <a href="https://www.biblioeco.unsa.edu.ar/pmb/images/libros/14580.jpg">https://www.biblioeco.unsa.edu.ar/pmb/images/libros/14580.jpg</a> |
| Link text | Imagen de portada |
| Electronic format type | image/jpeg |
| 942 ## - ADDED ENTRY ELEMENTS (KOHA) | |
| Koha item type | |
| Withdrawn status | Lost status | Damaged status | Not for loan | Home library | Current library | Shelving location | Date acquired | Total checkouts | Full call number | Barcode | Date last seen | Price effective from | Koha item type |
|---|---|---|---|---|---|---|---|---|---|---|---|---|---|
| Biblioteca Prof. Eusebio Cleto del Rey | Biblioteca Prof. Eusebio Cleto del Rey | 07/04/2026 | 517 S594 | L118980 | 07/04/2026 | 07/04/2026 | Libro | ||||||
| Biblioteca Prof. Eusebio Cleto del Rey | Biblioteca Prof. Eusebio Cleto del Rey | 07/04/2026 | 517 S594 | L118981 | 07/04/2026 | 07/04/2026 | Libro |